| 000 | 00880nam a2200217Ia 4500 | ||
|---|---|---|---|
| 999 |
_c35971 _d35971 |
||
| 003 | OSt | ||
| 005 | 20210129112553.0 | ||
| 008 | 160316s2015 xxu||||| |||| 00| 0 eng d | ||
| 020 | _a9780415614764 | ||
| 040 | _cnls | ||
| 082 |
_a341.2 _bARC |
||
| 100 | _aArcher Clive | ||
| 245 | _aInternational organizations | ||
| 260 |
_aLondon _bRoutledge _c2015 |
||
| 300 |
_a185p _cxi |
||
| 365 | _b Rs. 2,924 | ||
| 505 | _aTable of Contents List of illustrations; Preface to fourth edition; List of abbreviations; 1 Definitions and history; 2 Classification of international organizations; 3 Writings on international organizations; 4 Role and function of international organizations; 5 International organizations: the future; Bibliography; Index. | ||
| 650 | _a1. International Organizations 2. International Agencies | ||
| 700 |
_a _a |
||
| 942 |
_2ddc _cBK |
||